000 00618nam a2200205Ia 4500
003 GCL
008 140319s9999 xx 000 0 ara d
040 _aGCL /
_cGCL
082 0 4 _a081
_bس م
100 1 _aسلامة موسى
245 1 0 _aمحاولات /
_cسلامة موسى
250 _aالاولى
260 _aالقاهرة :
_bسلامة موسى للنشر والتوزيع ،
_c1953
300 _a253 ص ؛
_c18 سم
650 0 4 _aالسلوك الجنسى
650 0 4 _aالمراهقة
650 0 4 _aعلم النفس الجنائى
650 0 4 _aالامراض النفسية
942 _2ddc
_cBK
999 _c304
_d304